000 00305nam a22001457a 4500
020 _a978-81-264-2894-6
082 _a894.812.3
_bNAN/U
100 _aNANDHANAR
245 _aUNNIKUTTANTE LOKAM
260 _aKOTTAYAM
_bDC BOOKS
_c2010
300 _a240
505 _aNOVEL
520 _aNOVEL
942 _cBK
999 _c4959
_d4959